Reglamento orgánico para la dirección interior y administración general de la Comisión Escolar establecida en Madrid, titulada Procuratio Sincera Scholaris... / (Record no. 42468)

MARC details
000 -LEADER
campo de control de longitud fija 00691nam a2200181 i 4500
001 - NÚMERO DE CONTROL
campo de control 42468
003 - IDENTIFICADOR DE NÚMERO DE CONTROL
campo de control ES-MaACL
005 - FECHA Y HORA DE LA ÚLTIMA TRANSACCIÓN
campo de control 20230906160623.0
007 - CAMPO FIJO DE DESCRIPCIÓN FÍSICA--INFORMACIÓN GENERAL
campo de control de longitud fija t|
008 - DATOS DE LONGITUD FIJA--INFORMACIÓN GENERAL
campo de control de longitud fija 030331s1881 sp ||||1| spa d
110 2# - ENTRADA PRINCIPAL--NOMBRE DE ENTIDAD CORPORATIVA
Nombre de entidad corporativa o nombre de jurisdicción como elemento de entrada Procuratio Sincera Scholaris.
9 (RLIN) 6259
245 10 - MENCIÓN DEL TÍTULO
Título Reglamento orgánico para la dirección interior y administración general de la Comisión Escolar establecida en Madrid, titulada Procuratio Sincera Scholaris... /
Mención de responsabilidad, etc. [Ramón E. Couto].
260 ## - PUBLICACIÓN, DISTRIBUCIÓN, ETC.
Lugar de publicación, distribución, etc. Madrid :
Nombre del editor, distribuidor, etc. [s.n.],
Fecha de publicación, distribución, etc. 1881 (
Fabricante Est. tip. de Gabriel Pedraza)
300 ## - DESCRIPCIÓN FÍSICA
Extensión 15 p. ;
Dimensiones 22 cm.
500 ## - NOTA GENERAL
Nota general Mención de resp. consta al final del texto.
700 1# - ENTRADA AGREGADA--NOMBRE PERSONAL
Nombre de persona Couto, Ramón E.
9 (RLIN) 41329
852 ## - LOCALIZACIÓN
Ubicación ES-MaACL
Número de control de estantería T-567-F-10
Holdings
Estatus retirado Estado de pérdida Estado de daño No para préstamo Colección Biblioteca de origen Biblioteca actual Ubicación en estantería Fecha de adquisición Fuente de adquisición Total de préstamos Signatura topográfica completa Código de barras Visto por última vez Precio de reemplazo Tipo de ítem Koha
        Colección de folletos Biblioteca del Ateneo de Madrid Biblioteca del Ateneo de Madrid Depósito folletos 17/01/2008     T-567-F-10 1044698 23/02/2023 23/02/2023 Folleto